|
|
|
|
| LEADER |
00000naa0a2200000 4500 |
| 001 |
642515 |
| 005 |
20250604093600.0 |
| 035 |
|
|
|a (RuTPU)RU\TPU\network\7472
|
| 090 |
|
|
|a 642515
|
| 100 |
|
|
|a 20150626d2014 k y0rusy50 ca
|
| 101 |
0 |
|
|a rus
|
| 102 |
|
|
|a RU
|
| 135 |
|
|
|a drcn ---uucaa
|
| 181 |
|
0 |
|a i
|
| 182 |
|
0 |
|a b
|
| 200 |
1 |
|
|a Исследование ионообменных свойств полисахаридов методом потенциометрического титрования
|f А. С. Гашевская, Е. В. Дорожко, Е. И. Короткова
|
| 203 |
|
|
|a Текст
|c электронный
|
| 300 |
|
|
|a Заглавие с титульного экрана
|
| 337 |
|
|
|a Adobe Reader
|
| 463 |
|
|
|t Электрохимические методы получения и анализа новых функциональных материалов
|o тезисы докладов Молодежной научной Школы-конференции, г. Плес, 8-12 сентября 2014 г.
|f Институт химии растворов им. Г. А. Крестова РАН
|v [С. 58]
|d 2014
|
| 610 |
1 |
|
|a электронный ресурс
|
| 610 |
1 |
|
|a труды учёных ТПУ
|
| 610 |
1 |
|
|a ионообменные свойства
|
| 610 |
1 |
|
|a полисахариды
|
| 610 |
1 |
|
|a потенциометрическое титрование
|
| 700 |
|
1 |
|a Гашевская
|b А. С.
|c химик
|c инженер Томского политехнического университета
|f 1991-
|g Анна Сергеевна
|3 (RuTPU)RU\TPU\pers\34649
|
| 701 |
|
1 |
|a Дорожко
|b Е. В.
|c химик
|c инженер Томского политехнического университета
|f 1979-
|g Елена Владимировна
|3 (RuTPU)RU\TPU\pers\27108
|9 12658
|
| 701 |
|
1 |
|a Короткова
|b Е. И.
|c химик
|c профессор Томского политехнического университета, доктор химических наук
|f 1965-
|g Елена Ивановна
|3 (RuTPU)RU\TPU\pers\27109
|9 12659
|
| 712 |
0 |
2 |
|a Национальный исследовательский Томский политехнический университет (ТПУ)
|b Институт природных ресурсов (ИПР)
|b Кафедра физической и аналитической химии (ФАХ)
|3 (RuTPU)RU\TPU\col\18656
|
| 801 |
|
2 |
|a RU
|b 63413507
|c 20150626
|g RCR
|
| 850 |
|
|
|a 63413507
|
| 856 |
4 |
|
|u http://elchem.isc-ras.ru/school/Abstract-2014-scool.pdf#page=58
|
| 942 |
|
|
|c CF
|